Fluid dynamics : theoretical and computational approaches /

Guardado en:
Autor Principal: Warsi, Z. U. A.
Formato: Libro
Idioma:English
Publicado: Boca Raton, Fla. : CRC Press, c1999.
Edición:2nd ed.
Materias:
Acceso en línea:Publisher description
Etiquetas: Agregar Etiqueta
Sin Etiquetas, Sea el primero en etiquetar este registro!
LEADER 00787cam a2200229 a 4500
001 MAT.inmabb006289
008 980427s1999####flua#####b####001#0#eng##
005 20130315132707.0
245 0 0 |a Fluid dynamics :  |b theoretical and computational approaches /  |c Z.U.A. Warsi. 
250 |a 2nd ed. 
260 |a Boca Raton, Fla. :  |b CRC Press,  |c c1999. 
300 |a 726 p. :  |b il. ;  |c 26 cm. 
504 |a Incluye referencias bibliográficas e índice. 
510 4 |a MR,  |c 99k:76001 
020 |a 0849324076 (alk. paper) 
100 1 |a Warsi, Z. U. A. 
650 0 |a Fluid dynamics. 
084 |a 76-01  |2 msc2000 
010 |a  98020248  
040 |a DLC  |c DLC  |d DLC 
856 4 2 |3 Publisher description  |u http://www.loc.gov/catdir/enhancements/fy0661/98020248-d.html 
859 |h 76  |i W295  |p A-7732  |b BIB. MATEMATICA